000 00497nam a22001697a 4500
003 OSt
005 20260203110117.0
008 260127b |||||||| |||| 00| 0 eng d
040 _cMRSPTU
041 _aENG
100 _aAjay Kumar Kalra , Supervisor: Dr. Rajesh Kumar
245 _aZero Energy Building
260 _bDepartment of Civil Engg. MRSPTU, Bathinda
_c2014
650 _aCivil Engineering
856 _uhttp://163.47.215.52:8080/jspui/handle/123456789/1026
942 _2ddc
_cTH
_n0
999 _c10761
_d10761